Novinky z oboru výzkumu a vývoje akumulátorů

Bibliographic Details
Main Author: Mrha, Jiří (Author)
Format: Article
Language:Czech
Subjects:

MARC

LEADER 00000nab a2200000 a 4500
001 vtls000395252
003 SK-MaSNL
005 20260302232330.0
008 160201c1989 xo 0 cze
015 |a SNBRA19rr/mm-uuuuu 
035 |a CL0395376 
040 |a SNKBUCL  |b slo  |c SNKBUCL  |e AACR2 
041 0 |a cze 
044 |a xo  |c SK 
080 |a 621.355  |2 1981 
100 1 |a Mrha, Jiří  |4 aut  |9 964338 
245 1 0 |a Novinky z oboru výzkumu a vývoje akumulátorů  |c Jiří Mrha 
650 0 7 |a akumulátory  |2 snkbucl  |9 49750 
655 7 |a články zo zborníkov  |2 snkbucl  |9 166140 
773 0 |t Elektrochemické zdroje prúdu  |d Banská Bystrica : Dom techniky ČSVTS, 1989 
850 |a Slovenská národná knižnica v Martine  |a MTA001 
852 |a SNK  |b KIS3GCP 
958 |a RK 
958 |a CZ 
992 |a RZB 
999 |c 1542467  |d 1544397